| 000 | 00899nam a2200241 i 4500 | ||
|---|---|---|---|
| 001 | 67098 | ||
| 003 | ES-MaACL | ||
| 005 | 20250806062527.0 | ||
| 007 | t| | ||
| 008 | 020226s1987 sp |||| |bspa d | ||
| 080 | _a929 Reyes, Alfonso | ||
| 100 | 1 |
_aPérez-Rioja, José Antonio, _d1917-2011 _991109 |
|
| 245 | 1 | 0 |
_aAlfonso Reyes / _cpor José Antonio Pérez-Rioja. |
| 260 |
_aMadrid : _bAyuntamiento de Madrid, Concejalía de Cultura : _bInstituto de Estudios Madrileños, _c1987. |
||
| 300 |
_a30 p. ; _c21 cm. |
||
| 490 | 1 | _aCiclo de conferencias: Americanos en Madrid | |
| 594 | _aPrecede al tít.: Aula de Cultura. | ||
| 600 | 1 | 4 |
_aReyes, Alfonso, _d1889-1959 _996554 |
| 710 | 2 |
_aInstituto de Estudios Madrileños _94916 |
|
| 830 | 0 |
_aCiclo de conferencias: Americanos en Madrid _9230869 |
|
| 852 |
_aES-MaACL _j2172-F-2 _z. - Dedicatoria autógrafa del autor |
||
| 999 |
_c67098 _d67098 |
||